00929nam a22002297a 450000500170000000800410001702000180005804000240007604100080010004400070010808200190011510000330013424502140016726000540038130000330043549000310046850400540049965000230055365000480057666200380062470000370066220150204113450.0031130s2011 bo a 000 0 spa  a9789995470395 aDLCcDLCdCo-BoIAVH aspa abo04a333.9541bE77r1 aEspinoza-Antezana, Sophia K.10aReglas para la cacería en comunidades indígenas de la reserva de la biósfera y tierra comunitaria de origen Pilón Lajas :bun análisis desde la economía experimental /cSophia K. Espinoza Antezana. aLa Paz:bConservation Strategy Fund - CSF,c2011. a65 p :bil., tblas ;c25 cm.0 aSerie académica ;vNo. 5 aIncluye referencias bibliográficas (pag. 59-61) 4aCazaxregulación 4aFauna silvestrex Conservaciónz Bolivia. aBoliviacReserva de a Biósfera.1 aBehoteguy, Margarita, eeditora.